Los departamentos de orientación en educación secundaria: roles y funciones

Salvato in:
Dettagli Bibliografici
Autore principale: Sanz Oro, Rafael (Autore)
Natura: Libro
Lingua:spagnolo
Pubblicazione: Barcelona Cedecs 1999
Edizione:1a. ed
Serie:Cedecs Psicopedagogía
Soggetti:
Tags: Aggiungi Tag
Nessun Tag, puoi essere il primo ad aggiungerne!!

MARC

LEADER 00000nam a2200000 a 4500
001 UCI3653
003 CL-VaPUC
008 071123e19990000SP |||||||||||||||||spa|d
020 |a 8495027682 
082 0 4 |a 371.42  |b SAN  |2 21 
100 0 |a Sanz Oro, Rafael  |e author  |9 525096 
245 1 4 |a Los departamentos de orientación en educación secundaria: roles y funciones 
250 |a 1a. ed 
300 |a 269 p 
942 |c BK 
945 |d 20071123 00:00:00  |a rbrito 
260 |a Barcelona  |b Cedecs  |c 1999 
650 7 |a ORIENTACION PEDAGOGICA  |2 CL-VaPUC  |9 334838 
650 0 |a Orientación profesional   |9 308504 
650 7 |a ORIENTADORES  |2 CL-VaPUC  |9 407371 
650 7 |a PERSONAL DE ORIENTACION PEDAGOGICA  |2 CL-VaPUC  |9 335458 
650 0 |a Psicología educacional   |9 307830 
583 |a last modification  |c 20071123 00:00:00  |k Rodrigo Vera 
490 0 |a Cedecs Psicopedagogía 
999 |c 327785  |d 327783 
952 |0 0  |1 0  |4 0  |6 371_420000000000000_SAN_1999  |7 0  |8 A  |9 411215  |a BIBEDU  |b BIBEDU  |d 2019-11-22  |i 4391241  |o 371.42 SAN 1999  |p 4391241  |r 2019-11-22  |w 2019-11-22  |y BK  |k EBA